[Event "XX Open Internacional Sant Marti 2018"]
[Site "Barcelona"]
[Date "2018.07.16"]
[Round "4.1"]
[White "Guseinov, Gadir"]
[Black "Fernandez Cardoso, Alexey"]
[Result "1-0"]
[BlackElo "2439"]
[WhiteElo "2654"]
[LiveChessVersion "1.4.8"]

1. e4 {[%clk 1:30:58]} c5 {[%clk 1:30:48]} 2. Nf3 {[%clk 1:31:22]} e6
{[%clk 1:31:11]} 3. Nc3 {[%clk 1:31:22]} a6 {[%clk 1:31:32]} 4. d4
{[%clk 1:31:46]} cxd4 {[%clk 1:31:55]} 5. Nxd4 {[%clk 1:32:12]} b5
{[%clk 1:32:11]} 6. Bd3 {[%clk 1:32:32]} Qb6 {[%clk 1:32:32]} 7. Nf3
{[%clk 1:32:56]} Qc7 {[%clk 1:32:02]} 8. O-O {[%clk 1:33:10]} Bb7
{[%clk 1:31:58]} 9. Re1 {[%clk 1:32:28]} Nc6 {[%clk 1:31:38]} 10. a4
{[%clk 1:21:29]} b4 {[%clk 1:31:55]} 11. Nd5 {[%clk 1:21:52]} exd5
{[%clk 1:30:44]} 12. exd5+ {[%clk 1:22:09]} Nce7 {[%clk 1:30:45]} 13. c4
{[%clk 1:22:34]} bxc3 {[%clk 1:27:21]} 14. Bc2 {[%clk 1:22:34]} Rc8
{[%clk 1:13:39]} 15. Bb3 {[%clk 1:11:49]} d6 {[%clk 1:12:05]} 16. bxc3
{[%clk 1:08:44]} g6 {[%clk 1:09:20]} 17. c4 {[%clk 1:02:28]} Bg7 {[%clk 1:09:06]}
18. Ra2 {[%clk 1:02:36]} Kf8 {[%clk 1:05:45]} 19. Ba3 {[%clk 0:55:35]} Qb6
{[%clk 1:02:44]} 20. a5 {[%clk 0:54:46]} Qd8 {[%clk 1:01:54]} 21. c5
{[%clk 0:47:55]} Rxc5 {[%clk 0:59:27]} 22. Bxc5 {[%clk 0:48:22]} dxc5
{[%clk 0:59:50]} 23. d6 {[%clk 0:48:50]} Nf5 {[%clk 0:59:20]} 24. Ba4
{[%clk 0:40:09]} Bxf3 {[%clk 0:56:05]} 25. d7 {[%clk 0:32:00]} Nge7
{[%clk 0:47:23]} 26. Qxf3 {[%clk 0:32:25]} Bd4 {[%clk 0:47:07]} 27. g4
{[%clk 0:30:12]} Nh4 {[%clk 0:46:50]} 28. Qg3 {[%clk 0:19:01]} g5
{[%clk 0:43:48]} 29. Rae2 {[%clk 0:10:28]} Nhg6 {[%clk 0:25:43]} 30. Qd6
{[%clk 0:10:34]} Kg7 {[%clk 0:24:58]} 31. Rxe7 {[%clk 0:10:57]} Nxe7
{[%clk 0:25:17]} 32. Rxe7 {[%clk 0:11:12]} Bf6 {[%clk 0:23:31]} 33. Re8
{[%clk 0:09:24]} Qxa5 {[%clk 0:21:02]} 34. Bd1 {[%clk 0:04:07]} 1-0

[Event "XX Open Internacional Sant Marti 2018"]
[Site "Barcelona"]
[Date "2018.07.16"]
[Round "4.3"]
[White "Mitrabha, Guha"]
[Black "Quesada Perez, Yasser"]
[Result "1/2-1/2"]
[BlackElo "2531"]
[WhiteElo "2299"]
[LiveChessVersion "1.4.8"]

1. d4 {[%clk 1:30:30]} d5 {[%clk 1:30:54]} 2. Nf3 {[%clk 1:30:54]} Nf6
{[%clk 1:31:17]} 3. Bf4 {[%clk 1:31:19]} c5 {[%clk 1:31:39]} 4. e3
{[%clk 1:31:42]} Nc6 {[%clk 1:32:00]} 5. Nbd2 {[%clk 1:32:05]} Bg4
{[%clk 1:31:38]} 6. c3 {[%clk 1:32:19]} e6 {[%clk 1:31:46]} 7. Qa4
{[%clk 1:27:20]} Nd7 {[%clk 1:32:04]} 8. Ne5 {[%clk 1:27:07]} Ndxe5
{[%clk 1:31:06]} 9. Bxe5 {[%clk 1:27:12]} f6 {[%clk 1:17:51]} 10. Bg3
{[%clk 1:27:36]} cxd4 {[%clk 1:18:10]} 11. exd4 {[%clk 1:25:22]} Bd6
{[%clk 1:13:06]} 12. Bb5 {[%clk 1:22:28]} Qc7 {[%clk 1:05:00]} 13. Nb3
{[%clk 1:19:33]} O-O {[%clk 1:01:23]} 14. Bxc6 {[%clk 1:17:21]} bxc6
{[%clk 1:01:49]} 15. O-O {[%clk 1:14:22]} Bf5 {[%clk 0:59:06]} 16. Bxd6
{[%clk 1:13:46]} Qxd6 {[%clk 0:59:35]} 17. Rfe1 {[%clk 1:13:19]} Rfe8
{[%clk 0:52:12]} 18. Qb4 {[%clk 1:10:06]} Qc7 {[%clk 0:52:05]} 19. Qa5
{[%clk 1:09:23]} Qb6 {[%clk 0:50:58]} 20. Qa3 {[%clk 1:06:42]} e5
{[%clk 0:51:05]} 21. dxe5 {[%clk 1:06:31]} fxe5 {[%clk 0:51:24]} 22. Re3
{[%clk 1:06:46]} d4 {[%clk 0:46:42]} 23. Rg3 {[%clk 1:05:23]} Rad8
{[%clk 0:42:10]} 24. Re1 {[%clk 1:04:30]} c5 {[%clk 0:38:02]} 25. h3
{[%clk 0:54:16]} Bc2 {[%clk 0:34:50]} 26. cxd4 {[%clk 0:51:55]} cxd4
{[%clk 0:34:13]} 27. Nd2 {[%clk 0:50:52]} e4 {[%clk 0:33:23]} 28. Kh1
{[%clk 0:44:27]} Qc7 {[%clk 0:24:34]} 29. Rg4 {[%clk 0:41:51]} h5
{[%clk 0:25:00]} 30. Rg5 {[%clk 0:40:19]} Qf4 {[%clk 0:20:50]} 31. Qa5
{[%clk 0:40:47]} Rf8 {[%clk 0:13:34]} 32. Rc1 {[%clk 0:40:22]} d3
{[%clk 0:12:30]} 33. Re1 {[%clk 0:40:40]} Qxf2 {[%clk 0:11:46]} 34. Rxe4
{[%clk 0:40:45]} Qf7 {[%clk 0:10:15]} 35. Rxh5 {[%clk 0:40:13]} Bd1
{[%clk 0:08:30]} 36. Rhe5 {[%clk 0:35:56]} Rd7 {[%clk 0:08:55]} 37. Qc3
{[%clk 0:31:52]} Be2 {[%clk 0:08:58]} 38. Qc4 {[%clk 0:31:58]} Rc7
{[%clk 0:07:46]} 39. Rc5 {[%clk 0:28:49]} Qxc4 {[%clk 0:05:33]} 40. Rexc4
{[%clk 0:29:01]} Rcf7 {[%clk 0:03:50]} 41. Rc8 {[%clk 0:29:16]} Rxc8
{[%clk 0:03:21]} 42. Rxc8+ {[%clk 0:29:44]} Kh7 {[%clk 0:03:47]} 43. Kh2
{[%clk 0:29:29]} Bd1 {[%clk 0:03:13]} 44. Kg3 {[%clk 0:29:34]} Re7
{[%clk 0:03:14]} 45. Rd8 {[%clk 0:28:50]} Bc2 {[%clk 0:03:14]} 46. Rd6
{[%clk 0:28:40]} Re2 {[%clk 0:03:03]} 47. Nf3 {[%clk 0:29:02]} Kg8
{[%clk 0:02:59]} 48. b4 {[%clk 0:28:43]} Kf8 {[%clk 0:03:09]} 49. Rd4
{[%clk 0:28:40]} Re6 {[%clk 0:02:34]} 50. a4 {[%clk 0:25:51]} Bxa4
{[%clk 0:02:46]} 51. Rxd3 {[%clk 0:26:15]} Bc6 {[%clk 0:03:00]} 52. Ra3
{[%clk 0:24:04]} Re4 {[%clk 0:02:37]} 53. Ra6 {[%clk 0:23:22]} Bb7
{[%clk 0:02:52]} 54. Rxa7 {[%clk 0:22:12]} Rxb4 {[%clk 0:03:21]} 55. Ne1
{[%clk 0:18:24]} Rb2 {[%clk 0:03:28]} 56. Ra4 {[%clk 0:17:00]} Re2
{[%clk 0:03:30]} 57. Rf4+ {[%clk 0:17:26]} Kg8 {[%clk 0:03:56]} 58. Nf3
{[%clk 0:17:51]} Bxf3 {[%clk 0:03:57]} 59. Kxf3 {[%clk 0:18:18]} Ra2
{[%clk 0:04:21]} 60. g3 {[%clk 0:18:44]} g6 {[%clk 0:04:40]} 61. Kg4
{[%clk 0:19:08]} Kg7 {[%clk 0:05:06]} 62. Rb4 {[%clk 0:19:35]} Ra3
{[%clk 0:05:30]} 63. Kf4 {[%clk 0:19:59]} Ra7 {[%clk 0:05:22]} 64. h4
{[%clk 0:20:22]} Rf7+ {[%clk 0:05:24]} 65. Kg5 {[%clk 0:20:42]} Rf5+
{[%clk 0:05:47]} 66. Kg4 {[%clk 0:21:11]} Rf7 {[%clk 0:06:11]} 67. Rb6
{[%clk 0:21:32]} Ra7 {[%clk 0:06:36]} 68. Rb5 {[%clk 0:21:58]} Rc7
{[%clk 0:06:30]} 69. Kg5 {[%clk 0:22:22]} Ra7 {[%clk 0:06:49]} 70. g4
{[%clk 0:22:35]} Rc7 {[%clk 0:07:11]} 71. Kf4 {[%clk 0:22:55]} Rc4+
{[%clk 0:07:33]} 72. Kg5 {[%clk 0:23:21]} Rc7 {[%clk 0:08:00]} 73. Re5
{[%clk 0:23:47]} Ra7 {[%clk 0:08:24]} 74. Kf4 {[%clk 0:24:13]} Rb7
{[%clk 0:08:43]} 75. g5 {[%clk 0:24:38]} Kf7 {[%clk 0:08:27]} 76. Rc5
{[%clk 0:24:52]} Rb4+ {[%clk 0:08:09]} 77. Ke5 {[%clk 0:25:14]} Rxh4
{[%clk 0:08:33]} 78. Rc7+ {[%clk 0:25:43]} Kg8 {[%clk 0:08:55]} 79. Kf6
{[%clk 0:26:10]} Rf4+ {[%clk 0:09:21]} 80. Kxg6 {[%clk 0:26:36]} Rf8
{[%clk 0:09:46]} 1/2-1/2

[Event "XX Open Internacional Sant Marti 2018"]
[Site "Barcelona"]
[Date "2018.07.16"]
[Round "4.4"]
[White "Alonso Rosell, Alvar"]
[Black "Vidarte Morales, Arturo"]
[Result "1-0"]
[BlackElo "2381"]
[WhiteElo "2523"]
[LiveChessVersion "1.4.8"]

1. Nf3 {[%clk 1:30:57]} Nf6 {[%clk 1:29:01]} 2. c4 {[%clk 1:31:23]} g6
{[%clk 1:29:20]} 3. Nc3 {[%clk 1:31:51]} Bg7 {[%clk 1:29:38]} 4. e4
{[%clk 1:31:53]} O-O {[%clk 1:29:48]} 5. d4 {[%clk 1:32:21]} d6 {[%clk 1:30:01]}
6. h3 {[%clk 1:32:44]} a6 {[%clk 1:29:55]} 7. Be3 {[%clk 1:29:53]} Nbd7
{[%clk 1:30:19]} 8. Be2 {[%clk 1:28:03]} c5 {[%clk 1:29:14]} 9. O-O
{[%clk 1:27:27]} b6 {[%clk 1:27:23]} 10. d5 {[%clk 1:25:05]} b5 {[%clk 1:27:48]}
11. cxb5 {[%clk 1:24:25]} axb5 {[%clk 1:28:15]} 12. Bxb5 {[%clk 1:23:29]} Ba6
{[%clk 1:28:18]} 13. Qc2 {[%clk 1:09:53]} Qa5 {[%clk 1:25:37]} 14. a4
{[%clk 0:56:53]} Rfb8 {[%clk 1:25:52]} 15. Nd2 {[%clk 0:54:32]} Bxb5
{[%clk 1:11:06]} 16. Nxb5 {[%clk 0:54:55]} Nb6 {[%clk 1:09:56]} 17. Nc7
{[%clk 0:30:38]} Ra7 {[%clk 1:09:31]} 18. b4 {[%clk 0:30:59]} Qxb4
{[%clk 0:56:38]} 19. Rfb1 {[%clk 0:30:55]} Nbxd5 {[%clk 0:42:39]} 20. Nxd5
{[%clk 0:29:56]} Nxd5 {[%clk 0:42:52]} 21. Rxb4 {[%clk 0:30:23]} Nxb4
{[%clk 0:43:07]} 22. Rb1 {[%clk 0:30:50]} Raa8 {[%clk 0:42:05]} 23. Qd1
{[%clk 0:29:54]} Na2 {[%clk 0:42:05]} 24. Rxb8+ {[%clk 0:28:51]} Rxb8
{[%clk 0:42:33]} 25. a5 {[%clk 0:28:28]} Nc3 {[%clk 0:40:26]} 26. Qc2
{[%clk 0:28:35]} Rb4 {[%clk 0:37:31]} 27. a6 {[%clk 0:26:31]} Nb5
{[%clk 0:35:49]} 28. Qa2 {[%clk 0:25:02]} Na7 {[%clk 0:35:52]} 29. Qa5
{[%clk 0:25:24]} 1-0

[Event "XX Open Internacional Sant Marti 2018"]
[Site "Barcelona"]
[Date "2018.07.16"]
[Round "4.6"]
[White "Munoz, Miguel"]
[Black "Alarcon Casellas, Rolando"]
[Result "1-0"]
[BlackElo "2389"]
[WhiteElo "2500"]
[LiveChessVersion "1.4.8"]

1. e4 {[%clk 1:17:26]} c5 {[%clk 1:30:52]} 2. Nf3 {[%clk 1:17:04]} e6
{[%clk 1:30:54]} 3. g3 {[%clk 1:16:56]} Nc6 {[%clk 1:30:15]} 4. Bg2
{[%clk 1:17:17]} Nf6 {[%clk 1:28:18]} 5. Nc3 {[%clk 1:17:22]} a6 {[%clk 1:28:07]}
6. O-O {[%clk 1:17:34]} Qc7 {[%clk 1:28:13]} 7. Re1 {[%clk 1:16:24]} d6
{[%clk 1:25:02]} 8. d4 {[%clk 1:13:23]} cxd4 {[%clk 1:25:12]} 9. Nxd4
{[%clk 1:13:46]} Nxd4 {[%clk 1:19:06]} 10. Qxd4 {[%clk 1:13:56]} e5
{[%clk 1:18:19]} 11. Qd3 {[%clk 1:13:58]} h6 {[%clk 1:18:43]} 12. Be3
{[%clk 1:14:20]} Be6 {[%clk 1:18:58]} 13. Nd5 {[%clk 1:14:30]} Bxd5
{[%clk 1:17:10]} 14. exd5 {[%clk 1:10:22]} Be7 {[%clk 1:16:57]} 15. c4
{[%clk 1:05:06]} O-O {[%clk 1:16:37]} 16. Bh3 {[%clk 1:03:30]} a5
{[%clk 1:14:11]} 17. Qb3 {[%clk 0:52:44]} Nd7 {[%clk 1:12:55]} 18. Bf5
{[%clk 0:53:02]} Nc5 {[%clk 1:12:09]} 19. Qb5 {[%clk 0:41:51]} Rfd8
{[%clk 1:05:32]} 20. h4 {[%clk 0:41:00]} Bf8 {[%clk 0:59:24]} 21. h5
{[%clk 0:37:59]} b6 {[%clk 0:48:52]} 22. Kg2 Be7 {[%clk 0:46:10]} 23. Re2
{[%clk 0:26:52]} Bg5 {[%clk 0:43:26]} 24. f4 {[%clk 0:24:47]} Bf6
{[%clk 0:42:42]} 25. Qc6 {[%clk 0:21:26]} Qb8 {[%clk 0:25:18]} 26. Rae1
{[%clk 0:19:29]} Ra7 {[%clk 0:25:12]} 27. Bf2 {[%clk 0:19:15]} Rc7
{[%clk 0:23:58]} 28. Qb5 {[%clk 0:19:38]} Re7 {[%clk 0:23:21]} 29. b3
{[%clk 0:18:26]} Rde8 {[%clk 0:14:47]} 30. fxe5 {[%clk 0:18:27]} Bxe5
{[%clk 0:13:10]} 31. a3 {[%clk 0:18:37]} g6 {[%clk 0:13:25]} 32. hxg6
{[%clk 0:15:28]} fxg6 {[%clk 0:13:51]} 33. Bxg6 {[%clk 0:13:54]} Rf8
{[%clk 0:13:41]} 34. b4 {[%clk 0:13:37]} axb4 {[%clk 0:13:44]} 35. axb4
{[%clk 0:14:01]} Rg7 {[%clk 0:14:10]} 36. bxc5 {[%clk 0:10:50]} Rxg6
{[%clk 0:14:01]} 37. cxd6 {[%clk 0:11:05]} Bxg3 {[%clk 0:04:52]} 38. Bxg3
{[%clk 0:10:57]} Qxd6 {[%clk 0:04:16]} 39. Qb3 {[%clk 0:10:44]} Qf4
{[%clk 0:04:04]} 40. Qd3 {[%clk 0:10:00]} Rg7 {[%clk 0:04:02]} 41. Re8
{[%clk 0:08:59]} Qf2+ {[%clk 0:02:38]} 42. Kh3 {[%clk 0:09:19]} Qf7
{[%clk 0:02:45]} 43. Rxf8+ {[%clk 0:09:20]} Qxf8 {[%clk 0:03:07]} 44. Qe4
{[%clk 0:09:14]} Qa3 {[%clk 0:03:12]} 45. Re3 {[%clk 0:08:37]} Qa1
{[%clk 0:02:35]} 46. Qe6+ {[%clk 0:08:40]} 1-0

[Event "XX Open Internacional Sant Marti 2018"]
[Site "Barcelona"]
[Date "2018.07.16"]
[Round "4.9"]
[White "Miciano, John Marvin"]
[Black "Abhishek, Das"]
[Result "1-0"]
[BlackElo "2325"]
[WhiteElo "2411"]
[LiveChessVersion "1.4.8"]

1. e4 {[%clk 1:28:48]} c5 {[%clk 1:30:47]} 2. Nf3 {[%clk 1:27:06]} Nc6
{[%clk 1:31:06]} 3. c3 {[%clk 1:26:14]} d5 {[%clk 1:28:12]} 4. exd5
{[%clk 1:26:33]} Qxd5 {[%clk 1:28:33]} 5. d4 {[%clk 1:24:51]} e6 {[%clk 1:27:03]}
6. Na3 {[%clk 1:22:53]} Nf6 {[%clk 1:14:22]} 7. Nb5 {[%clk 1:19:16]} Qd8
{[%clk 1:14:27]} 8. dxc5 {[%clk 1:18:58]} Bxc5 {[%clk 1:14:40]} 9. Qxd8+
{[%clk 1:18:57]} Kxd8 {[%clk 1:15:05]} 10. Bf4 {[%clk 1:13:21]} Nd5
{[%clk 1:08:45]} 11. Bg3 {[%clk 1:10:36]} Ke7 {[%clk 1:00:17]} 12. O-O-O
{[%clk 1:01:28]} a6 {[%clk 0:54:34]} 13. Nbd4 {[%clk 1:01:20]} Nxd4
{[%clk 0:49:55]} 14. Nxd4 {[%clk 1:01:40]} Rd8 {[%clk 0:45:45]} 15. Nb3
{[%clk 0:54:20]} Bd6 {[%clk 0:45:09]} 16. Be2 {[%clk 0:53:31]} Bf4+
{[%clk 0:35:23]} 17. Bxf4 {[%clk 0:50:46]} Nxf4 {[%clk 0:35:42]} 18. Bf3
{[%clk 0:50:10]} Nd3+ {[%clk 0:33:11]} 19. Kc2 {[%clk 0:50:33]} Ne5
{[%clk 0:33:27]} 20. Rxd8 {[%clk 0:44:45]} Kxd8 {[%clk 0:33:52]} 21. Rd1+
{[%clk 0:43:54]} Kc7 {[%clk 0:30:28]} 22. Be2 {[%clk 0:43:22]} Ng6
{[%clk 0:22:05]} 23. g3 {[%clk 0:41:45]} e5 {[%clk 0:22:13]} 24. Bc4
{[%clk 0:33:57]} Bg4 {[%clk 0:19:53]} 25. Rd2 {[%clk 0:34:05]} f6
{[%clk 0:20:06]} 26. Nc5 {[%clk 0:33:16]} Re8 {[%clk 0:17:40]} 27. b4
{[%clk 0:32:12]} Nf8 {[%clk 0:16:22]} 28. Bd5 {[%clk 0:29:22]} Bc8
{[%clk 0:16:21]} 29. a4 {[%clk 0:29:04]} Ne6 {[%clk 0:14:47]} 30. Bxe6
{[%clk 0:24:52]} Bxe6 {[%clk 0:15:06]} 31. c4 {[%clk 0:24:30]} Bc8
{[%clk 0:11:48]} 32. Kc3 {[%clk 0:23:18]} f5 {[%clk 0:05:37]} 33. a5
{[%clk 0:22:53]} g5 {[%clk 0:04:53]} 34. Rd5 {[%clk 0:21:47]} Re7
{[%clk 0:03:38]} 35. b5 {[%clk 0:21:34]} axb5 {[%clk 0:02:53]} 36. cxb5
{[%clk 0:21:12]} b6 {[%clk 0:03:11]} 37. axb6+ {[%clk 0:20:15]} Kxb6
{[%clk 0:03:36]} 38. Kb4 {[%clk 0:20:38]} e4 {[%clk 0:02:25]} 39. Rd6+
{[%clk 0:20:55]} Kc7 {[%clk 0:02:45]} 40. Rf6 {[%clk 0:50:44]} h5
{[%clk 0:31:39]} 41. b6+ {[%clk 0:50:55]} Kb8 {[%clk 0:31:57]} 42. Rf8
{[%clk 0:51:11]} Kc7 1-0

[Event "XX Open Internacional Sant Marti 2018"]
[Site "Barcelona"]
[Date "2018.07.16"]
[Round "4.10"]
[White "Dahale, Atul"]
[Black "Ruiz Castillo, Joshua Daniel"]
[Result "1/2-1/2"]
[BlackElo "2410"]
[WhiteElo "2040"]
[LiveChessVersion "1.4.8"]

1. d4 {[%clk 1:30:28]} Nf6 {[%clk 1:30:44]} 2. c4 {[%clk 1:30:39]} e6
{[%clk 1:31:08]} 3. Nc3 {[%clk 1:30:03]} Bb4 {[%clk 1:31:33]} 4. f3
{[%clk 1:28:53]} O-O {[%clk 1:31:55]} 5. a3 {[%clk 1:28:51]} Bxc3+
{[%clk 1:32:21]} 6. bxc3 {[%clk 1:29:14]} Ne8 {[%clk 1:32:46]} 7. e4
{[%clk 1:28:14]} b6 {[%clk 1:33:09]} 8. Bd3 {[%clk 1:28:03]} Nc6 {[%clk 1:33:34]}
9. Nh3 {[%clk 1:26:55]} Na5 {[%clk 1:33:43]} 10. Qe2 {[%clk 1:24:50]} Ba6
{[%clk 1:34:06]} 11. O-O {[%clk 1:23:46]} h6 {[%clk 1:29:14]} 12. e5
{[%clk 0:59:32]} d5 {[%clk 1:29:38]} 13. cxd5 {[%clk 0:58:09]} Bxd3
{[%clk 1:30:03]} 14. Qxd3 {[%clk 0:58:35]} Qxd5 {[%clk 1:30:27]} 15. Nf4
{[%clk 0:48:27]} Qc4 {[%clk 1:30:45]} 16. Qxc4 {[%clk 0:48:27]} Nxc4
{[%clk 1:31:13]} 17. a4 {[%clk 0:48:49]} c5 {[%clk 1:29:44]} 18. dxc5
{[%clk 0:45:08]} Nc7 {[%clk 1:30:10]} 19. Ba3 {[%clk 0:41:27]} Rfd8
{[%clk 1:30:20]} 20. cxb6 {[%clk 0:39:38]} axb6 {[%clk 1:30:48]} 21. Bb4
{[%clk 0:36:44]} Nxe5 {[%clk 1:23:29]} 22. a5 {[%clk 0:36:55]} b5
{[%clk 1:21:49]} 23. Rfd1 {[%clk 0:37:19]} Na6 {[%clk 1:22:11]} 24. Be7
{[%clk 0:34:47]} Rxd1+ {[%clk 1:20:52]} 25. Rxd1 {[%clk 0:35:12]} Nc6
{[%clk 1:21:20]} 26. Bb4 {[%clk 0:31:22]} Naxb4 {[%clk 1:21:36]} 27. cxb4
{[%clk 0:31:46]} Nxb4 {[%clk 1:22:04]} 28. Rb1 {[%clk 0:31:51]} Nc6
{[%clk 1:22:27]} 29. Rxb5 {[%clk 0:32:12]} Nxa5 {[%clk 1:22:33]} 30. h4
{[%clk 0:32:23]} g6 {[%clk 1:21:27]} 31. Nd3 {[%clk 0:32:24]} Nc4
{[%clk 1:21:04]} 32. Ne5 {[%clk 0:32:02]} Nd6 {[%clk 1:19:21]} 33. Rb6
{[%clk 0:31:57]} Ra1+ {[%clk 1:16:10]} 34. Kh2 Rd1 35. Rb8+ {[%clk 0:29:37]} Kg7
{[%clk 1:17:06]} 36. Rd8 {[%clk 0:29:51]} Rd5 {[%clk 1:17:33]} 37. Rd7
{[%clk 0:27:48]} Nf5 {[%clk 1:14:04]} 38. Rxd5 {[%clk 0:26:25]} exd5
{[%clk 1:14:06]} 39. Kh3 {[%clk 0:26:44]} Kf6 {[%clk 1:14:24]} 40. Nd3
{[%clk 0:26:43]} Nd4 {[%clk 1:14:12]} 41. Kg4 {[%clk 0:26:03]} h5+
{[%clk 1:11:00]} 42. Kf4 {[%clk 0:25:59]} Nf5 {[%clk 1:11:22]} 43. g3
{[%clk 0:20:39]} Ke6 {[%clk 1:11:13]} 44. g4 {[%clk 0:17:01]} Nxh4
{[%clk 1:07:31]} 45. Kg3 {[%clk 0:16:39]} g5 {[%clk 1:07:18]} 46. f4
{[%clk 0:13:46]} hxg4 {[%clk 1:00:23]} 47. Kxg4 {[%clk 0:13:53]} f5+
{[%clk 1:00:10]} 48. Kh5 {[%clk 0:10:16]} g4 {[%clk 0:59:27]} 49. Kxh4
{[%clk 0:10:37]} d4 {[%clk 0:59:56]} 50. Kg3 {[%clk 0:04:58]} Kd5
{[%clk 1:00:25]} 51. Nf2 {[%clk 0:04:55]} Kc4 {[%clk 1:00:41]} 52. Nxg4
{[%clk 0:04:47]} fxg4 {[%clk 1:01:02]} 53. f5 {[%clk 0:05:04]} d3
{[%clk 0:51:17]} 54. f6 {[%clk 0:05:29]} d2 {[%clk 0:51:44]} 55. f7
{[%clk 0:05:56]} d1=Q {[%clk 0:52:11]} 56. f8=Q {[%clk 0:06:18]} Qg1+
{[%clk 0:52:38]} 57. Kh4 {[%clk 0:06:33]} Qh2+ {[%clk 0:53:03]} 58. Kxg4
{[%clk 0:06:56]} Qg2+ {[%clk 0:53:29]} 59. Kh5 {[%clk 0:07:20]} Qh3+
{[%clk 0:53:56]} 60. Kg6 {[%clk 0:07:45]} Qg4+ {[%clk 0:54:22]} 61. Kf7
{[%clk 0:08:10]} Qf5+ {[%clk 0:54:49]} 62. Ke8 {[%clk 0:08:31]} Qxf8+
{[%clk 0:55:16]} 63. Kxf8 {[%clk 0:08:59]} 1/2-1/2